1290 1114 1417 1738 1850 1439 1053 1510 1532 1921 1326 1265 1309 1523 1642 1446 1431 1495 1855 1797 1564 1125 1961 1016 1306 1199 1811 1486 1758 1493 1777 1331 1500 1054 1059 1059 1086 1240 1819 1539 1194 1757 1203 1124 1252 1360 1556 1235 1518 1411 1141 1200 1655 1274 1697 1599 1553 1895 1598 1717 1636 1878 1770 1249 1403 1866 1131 1772 1505 1259 1860 1092 1213 1168 1006 1661 1963 1836 1652 1019 1745 1600 1951 1662 1418 1658 1780 1690 1737 1804 1744 1385 1002 1438 1305 1710 1342 1927 1681 BCNSPRNW ULIB Ver.6.0+V

เปลี่ยนเป็นภาษาไทย

Change to English
 แสดงรายละเอียดบรรณานุกรม
  กลับหน้าหลัก

Brief Record : Get Marc (ISO 2709) : E-mail record : QR code < ปิดหน้าต่าง
LEADER : 00000nam 2200000uu 4500
001    13399124651
003     ULIB
008    151116s2005||||th 000 0 eng d
020    ^a9740465978
099    ^aวพ.WM172^bA523S
100 0  ^aAmpaiporn Kautrakool
245 10 ^aStress, related factors, and coping strategies of mothers of premature infants Hospitalized in NICU = ^bความเครียดปัจัจยที่เกี่ยวข้องและกลวิธีเผชิญความเครียดของมารดาทารกเกิดก่อนกำหนดที่เข้ารับ การรักษาในหออภิบาลทารกแรกเกิด /^cAmpaiporn Kautrakool
246 31 ^aความเครียดปัจจัยที่เกี่ยวข้องและกลวิธีเผชิญความเครียดของมารดาทารกเกิดก่อนกำหนดที่เข้ารับการรักษาในหออภิบาลทารกแรกเกิด
260    ^aBangkok : ^bMahidol,^c2005
300    ^avii, 98 leaves ;^c30 cm.
500    ^aSend to Single Search
502    ^aThesis (M.N.S. (Pediatric Nursing))--Mahidol University,2005
591    ^aLICL has E-Thesis 0006 ; please contact Computer Services
610 20 ^aMahidol University^xDissertations
610 20 ^aMahidol University. ^bFaculty of Medicine RamathibodiHospital^xDissertations
650  0 ^aThesis
650  2 ^aStress
650  2 ^aInfant, Premature
650  2 ^aMother-Child Relations
691    ^aM.N.S. (2005)
692    ^aPediatric Nursing (Mahidol University 2005)
700 0  ^aYuwadee Luecha,^eths.
710 2  ^aMahidol University
710 2  ^aMahidol University. ^bFaculty of Medicine RamathibodiHospital
710 22 ^aMahidol University.^tThesis
710 22 ^aมหาวิทยาลัยมหิดล.^tวิทยานิพนธ์
945    ^p0^l0^i000192
999    ^aเกษร โพธิ์สุวรรณ
รายการนี้ยังไม่มีแท็ก
คุณยังไม่ได้ล็อกอิน คุณสามารถมีกิจกรรมร่วมกับเว็บไซต์ได้ แต่ต้องล็อกอินก่อน ::
  ล็อกอิน

รายการสื่อสารสนเทศ

ลำดับที่ ประเภท เลขเรียก/บาร์โค้ด สถานที่ สถานะ
1. วิทยานิพนธ์
วิทยานิพนธ์
วพ.WM172 A523S ฉ.1 
  Barcode: 000192
ห้องสมุดวิทยาเขตสวรรค์ประชารักษ์
►วิจัย
บนชั้น

รายการใกล้เคียง
    หัวเรื่อง [Thesis]
    หัวเรื่อง [Stress]
    หัวเรื่อง [Infant, Premature]

BibComment


ยังไม่เคยถูกคอมเมนท์

คอมเมนท์ทรัพยากรรายการนี้
  คอมเมนท์: Stress related f..


 Copyright 2026. Bcnsprnw @Library